00315nam a2200121Ia 4500008004100000041000800041082001500049100001300064245004400077260003500121300003200156365000500188240624s9999 xx 000 0 und d aeng a330.12 KAY aKAY JOHN aCULTURE AND PROSPERITY WHY SOME NATIONS c2005aNew YorkbHarperBusiness aviii, : 420 : p. : cm. ; 20 c